00760nam a2200193 a 4500003000200000005001700002008004100019050003400060100002100094245011300115260009200228300004100320504004100361650001800402650003500420650002700455650003800482650004600520020250319140046.0060802s19uu xx 00 eng d aPGS LB 1065.A335b.Sa237 2006 aSantos, Andre B. aThe effects of the academic weekly planner on the study habits of grade 5 and 6 students /cAndre B. Santos. aLas Piñas City, Philippines : bSouthville International School and Colleges,c2006. a46 pages :billustrations ; c28 cm. aIncludes bibliographical references. aStudy skills. aTime management in education.  aAcademic achievement.  aEducation, ElementaryvCurricula. aLearning strategiesvElementary students.